Statistics for Best Picture/Best Actress Combos

Click here to take the quiz!

General Stats

  • This quiz has been taken 34 times
    (10 since last reset)
  • The average score is 16 of 26

Answer Stats

Film% Correct
Frances McDormand
88%
Gone with the Wind
88%
Jodie Foster
88%
Nomadland
88%
The Silence of the Lambs
88%
Vivien Leigh
88%
Everything Everywhere All at Once
75%
Hilary Swank
75%
Michelle Yeoh
75%
Claudette Colbert
63%
Gwyneth Paltrow
63%
It Happened One Night
63%
Louise Fletcher
63%
One Flew Over the Cuckoo's Nest
63%
Shakespeare in Love
63%
Shirley MacLaine
63%
Annie Hall
50%
Greer Garson
50%
Luise Rainer
50%
Million Dollar Baby
50%
Mrs. Miniver
50%
Terms of Endearment
50%
Diane Keaton
38%
Driving Miss Daisy
38%
The Great Ziegfeld
38%
Jessica Tandy
25%

Score Distribution

Percentile by Number Answered

Percent of People with Each Score

Your Score History

You have not taken this quiz since the last reset